Where in the world? (Record no. 77374)

MARC details
000 -LEADER
fixed length control field 01067cab a2200361 4500
001 - CONTROL NUMBER
control field ##L134106
008 - FIXED-LENGTH DATA ELEMENTS--GENERAL INFORMATION
fixed length control field 060710n2006 000 0 eng u
035 ## - SYSTEM CONTROL NUMBER
System control number (Sirsi) u134106
041 0# - LANGUAGE CODE
Language code of text/sound track or separate title eng
100 1# - MAIN ENTRY--PERSONAL NAME
Personal name Heap, Richard
245 00 - TITLE STATEMENT
Title Where in the world?
260 ## - PUBLICATION, DISTRIBUTION, ETC.
Date of publication, distribution, etc. 2006
490 #0 - SERIES STATEMENT
Series statement Building
Volume/sequential designation 271(8435) 16 June 2006, 36-40(5)
520 ## - SUMMARY, ETC.
Summary, etc. Reports on the latest Hays Construction and Property/Building international salary guide. Compares opportunities and salaries for quantity surveyors, project managers and engineers in the UK and 14 other countries.
651 #4 - SUBJECT ADDED ENTRY--GEOGRAPHIC NAME
Geographic name United Kingdom
Chronological subdivision
651 #4 - SUBJECT ADDED ENTRY--GEOGRAPHIC NAME
Geographic name CANADA
651 #4 - SUBJECT ADDED ENTRY--GEOGRAPHIC NAME
Geographic name CZECH REPUBLIC
651 #4 - SUBJECT ADDED ENTRY--GEOGRAPHIC NAME
Geographic name CARIBBEAN
651 #4 - SUBJECT ADDED ENTRY--GEOGRAPHIC NAME
Geographic name FRANCE
651 #4 - SUBJECT ADDED ENTRY--GEOGRAPHIC NAME
Geographic name EGYPT
651 #4 - SUBJECT ADDED ENTRY--GEOGRAPHIC NAME
Geographic name HONG KONG
651 #4 - SUBJECT ADDED ENTRY--GEOGRAPHIC NAME
Geographic name IRELAND
651 #4 - SUBJECT ADDED ENTRY--GEOGRAPHIC NAME
Geographic name ITALY
651 #4 - SUBJECT ADDED ENTRY--GEOGRAPHIC NAME
Geographic name NEW ZEALAND
651 #4 - SUBJECT ADDED ENTRY--GEOGRAPHIC NAME
Geographic name AUSTRALIA
651 #4 - SUBJECT ADDED ENTRY--GEOGRAPHIC NAME
Geographic name POLAND
651 #4 - SUBJECT ADDED ENTRY--GEOGRAPHIC NAME
Geographic name NETHERLANDS
651 #4 - SUBJECT ADDED ENTRY--GEOGRAPHIC NAME
Geographic name PORTUGAL
651 #4 - SUBJECT ADDED ENTRY--GEOGRAPHIC NAME
Geographic name SPAIN
651 #4 - SUBJECT ADDED ENTRY--GEOGRAPHIC NAME
Geographic name UNITED ARAB EMIRATES
690 ## - LOCAL SUBJECT ADDED ENTRY--TOPICAL TERM (OCLC, RLIN)
Topical term or geographic name as entry element CAREERS, EDUCATION AND TRAINING-SURVEYING APPOINTMENTS
942 ## - ADDED ENTRY ELEMENTS (KOHA)
Suppress in OPAC 0
Holdings
Withdrawn status Lost status Source of classification or shelving scheme Damaged status Not for loan Home library Current library Shelving location Date acquired Total Checkouts Full call number Barcode Date last seen Copy number Price effective from Koha item type
    Dewey Decimal Classification     London London Journal article 10/07/2006   L134106 134106-1001 06/08/2019 1 06/08/2019 Journal article